| 000 | 00708nam a22002297a 4500 | ||
|---|---|---|---|
| 003 | KOHA_MİRAKIL | ||
| 005 | 20260428093509.0 | ||
| 008 | 260427b tu ||||| |||| 00| 0 tur d | ||
| 020 | _a9786258440553 | ||
| 040 |
_aTR-AnABB _btur _cTR-AnABB |
||
| 041 | _atur | ||
| 082 |
_a370.78 _bAKS 2022 |
||
| 100 | 1 | _aAksu, Muzaffer Atila | |
| 245 | 1 | 0 |
_aİkinci kuşak : _bortak değerler / _cMuzaffer Atila Aksu |
| 250 | _a1. basım | ||
| 260 |
_aAnkara : _bKarina Yayınevi, _c2022 |
||
| 300 |
_a129 sayfa ; _c20 cm |
||
| 500 | _aYazar tarafından Prof. Dr. Ruşen Keleş için imzalanmıştır. | ||
| 650 | 0 | 4 | _aEğitim araştırmaları |
| 900 | _bCan ÇELIK | ||
| 942 |
_2ddc _cBK |
||
| 999 |
_c10349 _d10349 |
||